Substatncia P v kardiovaskulárnom systéme

Bibliographic Details
Main Author: Miklošová, Mária (Author)
Format: Article
Language:Slovak
PhysicalDescription:Tab.
ISSN:1335-0234
Subjects:

MARC

LEADER 00000nab a2200000 a 4500
001 vtls000656011
003 SK-MaSNL
005 20260304091405.0
008 250425c1998 xo 0 slo
015 |a SNBRA1998/03-06669 
035 |a CLN000008203 
035 |a urn:nbn:sk:snk-abhuc 
035 |a (urnnbn)urn:nbn:sk:snk:ar-a054n3 
035 |a (uuid)5b9600f8-8769-443f-b37e-51ec97bc5e0b 
040 |a SNKBUCL  |b slo  |c SNKBUCL  |e AACR2 
041 0 |a slo 
044 |a xo  |c SK 
080 |a 612.184  |2 1997 
100 1 |a Miklošová, Mária  |4 aut  |9 12967 
245 1 0 |a Substatncia P v kardiovaskulárnom systéme  |c Mária Miklošová 
300 |b Tab. 
504 |a Res. angl., nem., slov. Bibliogr. odkazy 
650 0 7 |a substancia P  |x systém kardiovaskulárny  |2 snkbucl  |9 1383677 
650 0 7 |a vazodilatátory  |2 snkbucl  |9 1254662 
655 7 |a články z novín a časopisov  |2 snkbucl  |9 267496 
773 0 |t Slovenský lekár  |g Roč. 8 (22), č. 3 (1998), s. 7-11  |x 1335-0234 
850 |a Slovenská národná knižnica 
852 |a Slovenská národná knižnica 
954 |a odborná, vedecká literatúra pôvodná (slovenská)  |2 lita 
958 |a article27 
958 |a NB 
958 |a OND 
958 |a EUIPO 
992 |a RBX 
999 |c 2815229  |d 2817159